00350nam a2200097Ia 4500008004100000082001900041100002800060245006000088260008400148300002000232230907s9999||||xx |||||||||||||| ||und|| a660.2842bGEA, aGeankoplis, Christie J. 0aTransport processes and separation process principles : aPrentice Hall Professional Technical Reference,bUpper Saddle River, NJ :c2003 axiii, 1026 p. :